Submissions Only S3 Finale, Follow That Line Quiz Stats

 Plays Quiz not verified by Sporcle

Score 0/15 Timer 06:00
0 Plays Today
% Correct
Does the cat ration it's food properly?
98.2%
Oh my God! Did they drop you? That's so embarrassing. Why are you here?
94.5%
You can say pretty, I mean it was my only real objective for the evening.
90.9%
I don't think you can.
83.6%
Please no! You're not allowed to do that again unless I'm on fire.
80%
Well I don't think you should stand here with us.
80%
What that didn't make sense? I feel like that made perfect sense.
65.5%
Shhhh
65.5%
% Correct
You and that word!
60%
If you say so.
60%
Subtle.
54.5%
If only.
50.9%
They called me first
47.3%
I know
41.8%
What's going on?-oh.
30.9%

You're not logged in!

Compare scores with friends on all Sporcle quizzes.
Join for Free
OR
Log In

You Might Also Like...

Show Comments

Extras

Created Aug 22, 2014ReportFavoriteNominate
Tags:televised

Top Quizzes Today


Score Distribution

Your Account Isn't Verified!

In order to create a playlist on Sporcle, you need to verify the email address you used during registration. Go to your Sporcle Settings to finish the process.

Report this User

Report this user for behavior that violates our Community Guidelines.

Details: